Trópicos y trópicos de la modernidad

Los autores cuyo pensamiento se recoge en esta obra nos sitúan con claridad no solo la definición conceptual de lo que se debe entender por modernidad, sino también en aquello que está en juego cuando se habla de su hipotética crisis

保存先:
書誌詳細
その他の著者: Gil, Mario Germán
フォーマット: 図書
言語:Spanish
出版事項: Cali: Fundación Hispanoamericana Santiago de Cali, 1995
主題:
オンライン・アクセス:Enlace del recurso
タグ: タグ追加
タグなし, このレコードへの初めてのタグを付けませんか!

MARC

LEADER 00000nam a2200000 a 4500
001 001085
008 031127s1995 ck a fr# #000|0#spa#d
041 0 |a spa 
043 |a s-ck--- 
082 0 4 |a 301.153  |b T656t 
245 0 0 |a Trópicos y trópicos de la modernidad   |c Mario Germán Gil ... [et al.] 
260 |a Cali:  |b Fundación Hispanoamericana Santiago de Cali,  |c 1995 
300 |a 142 p.:  |b il. 
504 |a Incluye bibliografía. 
520 3 |a Los autores cuyo pensamiento se recoge en esta obra nos sitúan con claridad no solo la definición conceptual de lo que se debe entender por modernidad, sino también en aquello que está en juego cuando se habla de su hipotética crisis 
650 1 4 |a MODERNISMO  |z AMERICA LATINA 
650 1 4 |a ARTES 
700 1 |a Gil, Mario Germán 
999 |c 3237  |d 3237 
856 |u https://catalogo.idep.edu.co/cgi-bin/koha/opac-detail.pl?biblionumber=3237  |z Enlace del recurso